000 00334nam a2200133Ia 4500
008 191014s9999 xx 000 0 und d
020 _aLC A529277
082 _a530.15
_bWEY
100 _aHermann Weyl
_920277
245 0 _aSpace Time Matter
260 _aNew York
_bDover Publications INC.
_c1922
300 _aXvi,330
942 _cBK
999 _c530847
_d530847